MARC

LEADER 00000nam0a2200000 4500
001 251645
005 20231101232657.0
010 |a 5745501405 
020 |a RU  |b 89-13984 
035 |a (RuTPU)RU\TPU\book\273953 
090 |a 251645 
100 |a 20140224d1989 k y0rusy5003 ca 
101 0 |a rus 
102 |a RU 
105 |a a z 001zy 
200 1 |a Типоморфизм акцессорных хромшпинелидов ультрамафит-мафитовых магматических формаций  |f А. Н. Плаксенко 
210 |a Воронеж  |c Изд-во Воронежского гос. ун-та  |d 1989 
215 |a 221,[1] с.  |c ил. 
320 |a Библиогр.: с. 210-220 (181 назв.). 
606 1 |a Горные породы, основные  |2 stltpush  |3 (RuTPU)RU\TPU\subj\8166  |9 35643 
610 1 |a хромшпинелиды акцессорные 
610 1 |a геологические формации магматические 
610 1 |a типоморфизм 
610 1 |a мафитовые породы 
610 1 |a зональность 
610 1 |a петрологические исследования 
675 |a 552.321.5/.6  |z rus 
700 1 |a Плаксенко  |b А. Н.  |g Александр Николаевич 
801 0 |a RU  |b RuMRKP  |c 19950417  |g psbo 
801 1 |a RU  |b 63413507  |c 20140224 
801 2 |a RU  |b 63413507  |c 20140320  |g RCR 
942 |c BK